Diseño y construcción de un modelo mecánico vibratorio con parametros concentrados
Salvato in:
| Autore principale: | |
|---|---|
| Natura: | Libro |
| Pubblicazione: |
[San José , Costa Rica]
1969
|
| Tags: |
Aggiungi Tag
Nessun Tag, puoi essere il primo ad aggiungerne!!
|
MARC
| LEADER | 00000nam a2200000Ia 4500 | ||
|---|---|---|---|
| 003 | PIE135 | ||
| 005 | 20221231143852.0 | ||
| 008 | 140116s1969 cr a m 000 ||s d | ||
| 040 | |c cru CEDI | ||
| 090 | |a PIE 135 | ||
| 100 | |a Vargas Monge, Freddy |9 15138 | ||
| 245 | |a Diseño y construcción de un modelo mecánico vibratorio con parametros concentrados | ||
| 260 | |c 1969 |a [San José , Costa Rica] | ||
| 300 | |a 22 hojas | ||
| 500 | |a A la Cabeza de la portada. Universidad de Costa Rica. Facultad de Ingeniería. Departamento de Ingeniería Eléctrica y Mecánica. Informe de Laboratorio de Ingeniería Eléctrica A | ||
| 942 | |c PIE | ||
| 999 | |c 13484 |d 13484 | ||
